| 000 | 01407cam a2200265 4500 | ||
|---|---|---|---|
| 001 | ##L131801 | ||
| 002 | ##9298 | ||
| 008 | 051209n2005 000 0 eng u | ||
| 020 | _a0860175677 | ||
| 035 | _a(Sirsi) u131801 | ||
| 041 | 0 | _aeng | |
| 050 | 0 | 4 | _a333.72 $2 18 |
| 100 | 1 | _aNewton, J. | |
| 245 | 0 | 0 | _aWorking with wildlife site guide |
| 260 |
_aLondon _bCIRIA _c2005 |
||
| 300 |
_a196p _bill, tables _c21cm |
||
| 350 | _a36.00 | ||
| 490 | 0 |
_aCIRIA _v(C567) |
|
| 505 | _aOverview of how construction can affect wildlife - licensing - guidance on the optimal timing for carrying out specialist ecological surveys and mitigation - roles of the contractor and ecologist - species briefing - habitat briefing. | ||
| 520 | _aIntended as an on-site reference guide for those working in the construction industry. Helps to identify species, deals with the role of the contractor and ecologist, and gives guidance on the optimal times for carrying out specialist surveys and mitigation. Topics covered include common amphibians, common mammals, fish, birds, protected species, invasive plants, pests, coastal and marine habitats, grassland, heathland, hedgerows, urban habitats, wetlands and woodlands. | ||
| 690 | _aENVIRONMENTAL AND LAND CONSULTANCY-ENVIRONMENTAL MANAGEMENT-ENVIRONMENTAL CONSERVATION-WILDLIFE CONSERVATION | ||
| 700 | 1 | _aThackray, C. | |
| 700 | 1 | _aNicholson, B. | |
| 942 | _n0 | ||
| 999 |
_c104843 _d104843 |
||